| 000 | 01743nam a2200469 i 4500 | ||
|---|---|---|---|
| 001 | 23573 | ||
| 003 | KOSZ 005 | ||
| 005 | 20240405063033.0 | ||
| 008 | 200604s1986 pl g f 001 0 pol d | ||
| 040 |
_aKOSZ 005 _cKOSZ 005/RW |
||
| 041 |
_bd1918 _bd1920 |
||
| 046 | _k1986 | ||
| 080 | _a94(438).08 | ||
| 080 | _a355.1 | ||
| 245 | 0 | 0 |
_aWojsko Wielkopolskie 1919 r. _nCz. 2, _pRewindykacja Pomorza i Wielkopolski 1920 r. / _cwybór dokumentów wojskowych, wstęp, wybór i opracowanie Irmina Polak, Bogusław Polak ; Wyższa Szkoła Inżynierska. |
| 246 | 1 | 4 |
_aRewindykacja Pomorza i Wielkopolski 1920 r. : _bwybór źródeł |
| 260 |
_aKoszalin : _bWydawnictwo Uczelniane Wyższej Szkoły Inżynierskiej, _c1986. |
||
| 300 |
_a327 stron ; _c24 cm. |
||
| 336 |
_aTekst _btxt _2rdacontent |
||
| 337 |
_aBez urządzenia pośredniczącego _bn _2rdamedia |
||
| 338 |
_aWolumin _bnc _2rdacarrier |
||
| 380 | _aKsiążki | ||
| 380 | _aPublikacje naukowe | ||
| 388 | _a1901-2000 | ||
| 388 | _a1945-1989 | ||
| 504 | _aIndeks. | ||
| 648 | 7 | _a1901-2000 | |
| 648 | 7 | _a1914-1918 | |
| 648 | 7 | _a1918-1939 | |
| 650 | 7 | _aWojsko | |
| 650 | 7 | _aPowstanie wielkopolskie (1918-1919) | |
| 651 | 7 | _aPolska | |
| 651 | 7 | _aWielkopolska | |
| 655 | 7 | _aWydawnictwo źródłowe | |
| 658 | _aHistoria | ||
| 658 | _aBezpieczeństwo i wojskowość | ||
| 700 | 1 |
_aPolak, Irmina _eOpracowanie |
|
| 700 | 1 |
_aPolak, Bogusław _d(1945-) _eOpracowanie |
|
| 710 | 2 |
_aWydawnictwo Uczelniane (Wyższa Szkoła Inżynierska ; Koszalin) _4pbl |
|
| 856 |
_uhttp://koha.tu.koszalin.pl/cgi-bin/koha/opac-detail.pl?biblionumber=23573 _yKatalog online BPK |
||
| 942 |
_2UKD _cKS |
||
| 999 |
_c23573 _d23573 |
||